call of duty zombies gorod krovi - Statistics

General Stats
  • This quiz has been taken 34 times
  • The average score is 4 of 11
Answer Stats
Hint Answer % Correct
what do you have to ride to get to pack a punch dragon
97%
what color of eyes do the zombies have red
84%
what month is gorod krovi during november
45%
what year is gorod krovi during 1945
39%
what doe gorod krovi mean city of blood
29%
new enemy valkyrie drone
23%
wonder weapon gkz 45 mk3
19%
trap flinger trap
13%
trap gigant eye beam
13%
trap gigant finger
10%
new enemy russian mangler soldier
3%
No matching quizzes found
Score Distribution
Percent of People with Each Score
Percentile by Number Answered
Your Score History
You have not taken this quiz